Normal view
MARC view
- Douglas, John F.
Entry Personal Name
001 - CONTROL NUMBER
- control field: 1677
003 - CONTROL NUMBER IDENTIFIER
- control field: NUST
005 - DATE AND TIME OF LATEST TRANSACTION
- control field: 20170531105931.0
008 - FIXED-LENGTH DATA ELEMENTS
- fixed length control field: 170531|| aca||aabn | a|a d
040 ## - CATALOGING SOURCE
- Original cataloging agency: NUST
- Transcribing agency: NUST
100 ## - HEADING--PERSONAL NAME
- Personal name: Douglas, John F.
670 ## - SOURCE DATA FOUND
- Source citation: Work cat.: (NUST)24343: Douglas, John F., FLUID MECHANICS /, c2008.
